Uomini oltre : Romanzo /

Đã lưu trong:
Chi tiết về thư mục
Tác giả chính: Croce, Fabio
Định dạng: Sách
Ngôn ngữ:Tiếng Anh
Được phát hành: Roma Edizioni Libreria Croce 1999
Loạt:Oziosapiente
Các nhãn: Thêm thẻ
Không có thẻ, Là người đầu tiên thẻ bản ghi này!

MARC

LEADER 00000nam a2200000 4500
001 CDOM0000001110
003 mi
005 20250914165433.0
008 250729b |||||||| |||| 00| 0 eng d
020 |a 88-87323-24-X 
040 |c mi 
100 |a Croce, Fabio 
245 1 |a Uomini oltre :  |b Romanzo /  |c Fabio Croce 
260 |a Roma  |b Edizioni Libreria Croce  |c 1999 
300 |a 83 p.  |c 21 cm. 
490 |a Oziosapiente 
942 |2 ddc  |c BK 
952 |0 0  |1 0  |2 ddc  |4 0  |6 B_LNR02CROFAUOM21  |7 0  |9 5301  |a MI  |b MI  |d 2005-08-21  |i 4771  |l 0  |o B-LNR02-CROFA-UOM21  |p CDOM4771  |r 2025-07-13 16:27:00  |w 2025-07-13  |x DONO  |y BK 
999 |c 4235  |d 4235